[Event "EU-chT 08th Group3"]
[Site "Gothenburg"]
[Date "1982.03.14"]
[Round "2"]
[White "Sjoberg, Mats"]
[Black "Taulbut, Shaun M"]
[Result "1-0"]
[WhiteElo "2380"]
[BlackElo "2435"]
[Annotator "Primel,D"]
[PlyCount "155"]
[EventDate "1982.03.13"]
[EventType "team-tourn"]
[EventRounds "2"]
[EventCountry "SWE"]
[SourceTitle "EXT 2015"]
[Source "ChessBase"]
[SourceDate "2014.11.20"]
[SourceVersion "1"]
[SourceVersionDate "2014.11.20"]
[SourceQuality "1"]
[WhiteTeam "Sweden"]
[BlackTeam "England"]
[WhiteTeamCountry "SWE"]
[BlackTeamCountry "ENG"]

1. d4 Nf6 2. Nf3 e6 3. c4 Bb4+ 4. Bd2 Qe7 5. g3 Nc6 6. Bg2 Bxd2+ 7. Nbxd2 d6 8.
O-O O-O 9. e4 a5 (9... e5 10. d5 Nb8) 10. e5 $5 (10. Qb3) 10... dxe5 11. dxe5
Nd7 12. Qe2 $14 {Les Blancs ont un petit avantage d'espace} Nc5 13. Ne4 Rd8 14.
Rad1 (14. h4 $5 {Evitant les simplifications qui doivent soulager la défense
des Noirs} Nd3 15. Nc3 Qb4 16. Rad1 $36) 14... Bd7 15. Nc3 Be8 16. h4 $146 (16.
Qe3 {Pigott,J (2315)-Taulbut,S (2420) BCF-ch Morecambe 1981 (4) 1/2}) 16...
Rxd1 17. Rxd1 Rd8 18. Nb5 Rxd1+ 19. Qxd1 Nb4 {'=!'} 20. Nfd4 (20. Nc3) 20...
Qd8 21. a3 Bxb5 22. cxb5 Nc2 23. Qxc2 Qxd4 24. Bxb7 Qxe5 25. Bc6 {Le B est un
peu meilleur que le N dans cette position ouverte mais en contrepartie, le
couple N+Q peut donner des chances d'attaque à l'aile-roi} Qd4 26. b4 $1 axb4
27. axb4 Qxb4 28. Qd1 g6 29. Qd8+ Kg7 30. Qxc7 Nd3 31. Qa7 Qb1+ 32. Kg2 Qb4 33.
Qe3 Nc5 (33... Qd6) 34. Qe5+ Kg8 35. h5 $40 {[%cal Gh5h6]} gxh5 36. Qxh5 Na4
37. Qg5+ Kf8 38. Qd8+ Kg7 39. Qg5+ Kf8 40. Qe5 (40. Qf6 Nc3 41. Qh8+ Ke7 42.
Qe8+ Kf6 43. Qd8+ Kg7 44. b6 $18) 40... Qc5 41. Qh8+ Ke7 42. Qxh7 Nc3 43. Qh4+
Kf8 44. Qh8+ Ke7 45. Qe8+ Kf6 46. Qd8+ Kg7 47. Qd3 Na4 48. Kf3 Qh5+ 49. Kg2 Qc5
50. Bf3 Nb6 51. Be2 Qe5 52. Qf3 Nd5 53. Qh5 Qd6 54. Qg4+ Kf8 55. Qc4 Nb6 56.
Qa2 (56. Qc6 $143 Qxc6+ 57. bxc6 Ke7) 56... Qc5 57. Qa7 Qd5+ 58. Kg1 Qc5 59.
Bh5 Qxh5 60. Qxb6 Qd1+ 61. Kg2 Qd5+ 62. f3 Qd2+ 63. Qf2 Qb4 64. b6 {[%csl Gb6]}
Ke7 65. g4 f6 66. Qe3 Kf7 67. Kg3 Qd6+ 68. Kh3 Qb4 69. Kh4 Qb2 (69... e5) 70.
Qg1 (70. Kg3) 70... Qb4 71. Qf2 Kg7 72. f4 Kf7 73. Qe3 Qb2 74. Kg3 Qb4 75. Kh3
Qb5 76. g5 e5 $2 77. fxe5 fxe5 78. Qf3+ 1-0

[Event "FRA-ch 58 Championnat"]
[Site "Belfort"]
[Date "1983.08.19"]
[Round "7"]
[White "Haik, Aldo"]
[Black "Seret, Jean Luc"]
[Result "1-0"]
[WhiteElo "2400"]
[BlackElo "2375"]
[Annotator "Primel,D"]
[PlyCount "63"]
[EventDate "1983.08.12"]
[EventType "tourn"]
[EventRounds "15"]
[EventCountry "FRA"]
[EventCategory "2"]
[SourceTitle "EXT 2016"]
[Source "ChessBase"]
[SourceDate "2015.10.08"]
[SourceVersion "1"]
[SourceVersionDate "2015.10.08"]
[SourceQuality "1"]
[TimeControl "40/9000:16/5400:0"]

1. d4 Nf6 2. c4 e6 3. Nf3 Bb4+ 4. Bd2 c5 (4... a5) (4... Qe7 {La ligne
principale très solide mais qui et également assez passive}) 5. Bxb4 cxb4 6.
Nbd2 (6. g3) (6. e3) 6... O-O 7. g3 d6 8. Bg2 Nc6 9. O-O e5 10. d5 Ne7 $6 {
Ce N mal placé ne va quasiment plus jouer dans la partie} (10... Nb8 $142 {
[%cal Gb8d7,Gb8a6]} 11. a3 (11. Ne1 Na6 12. Nd3 Re8 13. e4 Qb6 14. Qb3 Bg4 $1 {
[%cal Gf6d7] pour permettre au second N de venir contrôler la case clé "c5"}
15. Rfe1 Nd7 16. a3 Ndc5 17. Nxc5 Qxc5 18. Qe3 b6 19. Qxc5 Nxc5 $1 20. axb4 Nd3
$15 {[%cal Gd3b4,Gd3e1]}) 11... Na6 $1 12. Ne1 Qb6 13. Nd3 Bg4 14. axb4 Nxb4
15. c5 Qb5 16. Nxb4 Qxb4 17. cxd6 Qb5 {[%csl Re2][%cal Gg4e2,Gb5e2]} 18. f3 Bd7
19. e4 Ne8 $1 $13 {[%cal Gf7f5,Ge8d6]}) (10... Nb8 11. a3 Na6 12. Ne1 Qb6 13.
Nd3 Bf5 14. e4 Bg4 15. Bf3 Bxf3 16. Qxf3 Nd7 17. Qe3 Ndc5 18. Nxc5 Nxc5 19. Nb3
Rfc8 20. Nxc5 Qxc5 21. Qxc5 Rxc5 22. b3 bxa3 23. Rxa3 a5 24. Rfa1 b6 25. b4
Rxc4 26. bxa5 Rxa5 27. Rxa5 bxa5 28. Rxa5 Kf8 29. f3 h5 30. Ra8+ Ke7 31. Ra7+ {
1/2-1/2 (31) Wang Yue (2739)-Ivanchuk,V (2779) Linares 2009}) 11. e4 (11. Ne1
$1 {[%cal Ge1d3,Rd3b4,Rc4c5]} a5 12. a3 $1) 11... Qb6 12. Qc2 Nd7 13. a3 $1 Nc5
14. axb4 Qxb4 15. Ra3 $1 Bd7 16. Rfa1 $14 a5 (16... f5 17. Bh3) 17. Ne1 Ra6 (
17... a4 $1 18. Nd3 Nxd3 19. Qxd3 b5 20. b3 (20. cxb5 Bxb5)) 18. Nb3 Rc8 (18...
Ba4 19. Rxa4 Qxb3 20. Rxa5 $16) 19. Nxc5 $1 {Echange la seule pièce Noire qui
était bien placée} Qxc5 20. Rc3 {[%csl Ra5][%cal Ge1d3,Gc4c5]} (20. Nd3 $143
Qxc4 21. Qxc4 Rxc4 22. Rxa5) 20... b6 {[%csl Rc6]} 21. Nd3 $36 {[%cal Gd3c5,
Gb2b4] Les pièces blanches sont bien placées pour préparer la poussée
thématique c4c5 alors que celles du champion de France sortant ne sont pas
coordonnées.} Qd4 $2 {[%csl Rd4] Trop risqué} (21... Qc7 $8 22. f4 exf4 23.
gxf4 $16 {[%cal Ge4e5]}) 22. Rd1 $2 (22. c5 $3 {[%cal Gc3c4] La Q noire n'a
plus de cases de sortie} b5 23. cxd6 Rxd6 24. Rxc8+ Nxc8 25. Rxa5 $18 {[%csl
Rc8][%cal Ga5a8]} h5 26. Qc3 $1 {[%csl Re5]}) 22... Ra7 $2 (22... f5 $1 23. Nb4
axb4 24. Rxd4 exd4 25. Rd3 Ra1+ 26. Bf1 (26. Rd1 Rxc4)) 23. c5 $1 Ba4 24. b3
Bb5 25. Nc1 Rac7 26. Rxd4 exd4 27. Rc4 Bxc4 28. bxc4 bxc5 29. e5 Ng6 30. exd6
Rb7 31. Nd3 Nf8 32. h4 1-0

[Event "SUI-chT"]
[Site "Switzerland"]
[Date "2016.10.09"]
[Round "9.1"]
[White "Gheorghiu, Florin"]
[Black "Prusikin, Michael"]
[Result "0-1"]
[WhiteElo "2378"]
[BlackElo "2530"]
[Annotator "Prusikin,M"]
[PlyCount "110"]
[EventDate "2016.03.20"]
[EventType "team-tourn"]
[EventRounds "9"]
[EventCountry "SUI"]
[SourceTitle "EXT 2017"]
[Source "ChessBase"]
[SourceDate "2016.10.25"]
[SourceVersion "1"]
[SourceVersionDate "2016.10.25"]
[SourceQuality "1"]
[WhiteTeam "Echallens"]
[BlackTeam "Wollishofen"]
[WhiteTeamCountry "SUI"]
[BlackTeamCountry "SUI"]

1. d4 Nf6 2. c4 e6 3. Nf3 Bb4+ 4. Bd2 a5 5. g3 d6 6. Bg2 Nbd7 7. O-O e5 8. Bg5
exd4 9. Nxd4 O-O 10. a3 Bc5 11. Nc3 h6 12. Bxf6 Nxf6 13. Rc1 $146 {Mit diesem
Zug war mein Gegner im Nachhinein unzufrieden.} c6 14. e3 Qe7 15. Na4 Re8 16.
Qc2 Qe5 17. Nxc5 (17. Rfd1 Bg4 $15) 17... dxc5 18. Ne2 (18. Nf3 Qf5 $3 (18...
Qh5 19. Nh4 $14) 19. Qxf5 Bxf5 20. Rfd1 Ra6 $1 $15) 18... Bf5 19. Qc3 Qe7 $1 (
19... Qxc3 20. Nxc3 Bd3 21. Rfe1 Bxc4 22. Na4 Bd5 23. Nxc5 Bxg2 24. Kxg2 Re7
$11) 20. Rfd1 Ra6 (20... a4 $5 {war wohl flexibler, danach kann der Tum immer
noch die Route a8-a6-b6-b3 nehmen, oder aber doch einfach nach d8 gehen.} 21.
Qe1 $5 {diesen Zug habe ich befürchtet} Ng4 $1 $15 {[%cal Gg4e5]} (21... Ra6
22. Nc3)) 21. Nf4 (21. Qe1 Rb6 $15) 21... a4 22. Nd3 h5 $1 (22... Rb6 23. Qa5
Rb3 24. Bf1 (24. Nxc5 Rxb2 (24... b6 25. Qxa4 Rxe3 26. fxe3 Qxe3+ 27. Kh1 Ng4
28. h3 Nf2+ 29. Kh2 Nxd1 30. Rxd1 Qxc5 31. b4 Qxc4 32. Qxc6 $11) 25. Nd3 Bxd3
26. Rxd3 Nd7 $15) 24... Bg4 25. Qxa4 Bxd1 26. Rxd1 Rb6 27. Qa5 Ra6 28. Qxc5 $13
) 23. Re1 $1 Bxd3 $1 (23... Rb6 $5 24. e4 (24. Qa5 $2 Rb3 25. Nxc5 b6 26. Qxa4
Rxb2 27. Na6 Ng4 $19) 24... Rb3 25. Qc2 Bxe4 26. Bxe4 Nxe4 27. Rcd1 Qf6 28. Re2
Nd6 29. Rxe8+ Nxe8 30. Rd2 Qf5 31. Nc1 Qxc2 32. Rxc2 Rf3 33. Rd2 $11) 24. Qxd3
Rb6 25. Re2 $6 (25. Qc2 Rb3 26. Red1 Qe5 27. Rb1 $11) 25... Rd8 26. Qc2 (26.
Qf5 g6 27. Qg5 Kg7 $15) 26... Rb3 $15 27. Rd1 Rxd1+ 28. Qxd1 g6 29. Rd2 Qe5 (
29... Ng4 $1 $15) 30. Qc2 h4 31. Bf3 $6 (31. gxh4 $8 $11) 31... h3 32. Kf1 $1
Kg7 33. Ke2 g5 $1 34. Kd1 g4 35. Bh1 Kh6 $2 (35... Qe6 $1 36. Rd3 (36. Kc1 Nd7
37. Be4 Ne5 38. Bf5 Qxc4 39. Qxc4 Nxc4 40. Rc2 Ne5 41. Rxc5 Kf6 42. Be4 $1 (42.
Bc2 Rb6 $17) 42... Rb6 $15) 36... Rxd3+ 37. Qxd3 Nd7 $17) 36. Kc1 Kg5 $2 37.
Rd3 $2 (37. Rd8 Qf5 38. Ra8 Qd3 39. Qxd3 Rxd3 40. Rxa4 Nd7 41. Ra8 Ne5 42. Be4
Rd6 43. Rg8+ Kh5 44. Bf5 Rf6 $36 45. f4 (45. e4 Rd6 $132) 45... gxf3 46. g4+
Nxg4 47. Bxg4+ Kh4 48. Kc2 f2 49. Be2 f1=Q 50. Rh8+ (50. Bxf1 Rxf1) 50... Kg5
51. Bxf1 Rxf1 52. Rxh3 $14) 37... Rxd3 38. Qxd3 Qf5 $1 39. Qc2 $4 (39. Qe2 Ne4
40. f4+ gxf3 41. Bxf3 Nd6 42. e4 Qe5 43. Bg4 $11) 39... Qxc2+ 40. Kxc2 Nd7 $1 (
40... Kf5 41. Kd2 Ne4+ 42. Ke2 f6 $3 (42... Ke5 43. f3 gxf3+ 44. Bxf3 $11) 43.
f4 (43. f3 Nd6 44. Kd3 Ke6 45. fxg4 Nf7 $1 $19) 43... b5 44. Ke1 bxc4 45. Ke2
c3 46. bxc3 c4 47. Kf1 Nxc3 48. Bxc6 Ke6 49. Ke1 Kd6 50. Be8 Nb1 51. Bxa4 c3
52. Bd1 f5 53. Bc2 Nd2 $1 54. Bxf5 Nf3+ 55. Kf2 Nxh2 56. a4 Nf3 57. Be4 Nd2 58.
Bd3 Kd5 59. a5 Nf3 60. a6 Kc6 61. f5 Ne5 62. Be4+ Kb6 63. f6 Kxa6 64. Ke2 Kb5
65. Kd1 Kc5 $19) 41. b3 (41. f3 gxf3 42. Bxf3 Ne5 43. Be2 Ng4 $19) 41... Ne5 $1
$19 (41... axb3+ 42. Kxb3 Ne5 43. a4 $11) 42. bxa4 (42. Kc3 axb3 43. Kxb3 b5 $1
(43... Nd3 $2 44. a4 $1 Nxf2 45. Bxc6 b6 46. Kc2 $11) 44. cxb5 cxb5 45. Kc3 f5
$1 46. Kb3 (46. Bd5 Kf6 47. Kc2 Nf3 48. Bxf3 gxf3 49. Kc3 Ke5 50. Kd3 c4+ 51.
Kc3 Ke4 52. Kc2 Kd5 53. Kc3 Kc5 54. Kc2 b4 55. axb4+ Kxb4 $19) 46... Kf6 47. e4
Nc4 48. exf5 Nd2+ 49. Kc3 Nf1 $19) 42... Nxc4 43. Kc3 Ne5 44. a5 Kf5 45. a4 (
45. Kc2 Kf6 $3 (45... f6) (45... Ke6 46. Be4 Kd6 (46... f6 47. Kc3 f5 48. Bh1
Kd6 49. e4 c4) 47. Bf5 Kc7 48. Kd1 Kb8 49. f4 gxf3 50. Bxh3) 46. Be4 Ke6 {
Gegenseitiger Zugzwang! Unfassbar!} 47. a4 (47. Kd1) (47. Kb3) (47. Kc3 Kd6 48.
Bf5 Kc7 49. f4) (47. Kd2 c4 48. Kc3 f5 49. Bh1 Kd6 50. e4 Nd3 51. exf5 Nxf2)
47... Kd6 48. Bf5 Kc7 49. f4 (49. Kd1 f6) 49... gxf3 50. Bxh3 f2 51. Kd1 c4 52.
Ke2 c3 53. Bf5 Ng4 54. Bb1 Nxe3 55. Kxf2 c2 56. Bxc2 Nxc2) 45... Ke6 46. Kb3 {
[%cal Ge6d6,Gd6c7,Gc7b8,Gb8a7,Ga7a6,Ga6a5]} Kd6 $1 {The only winning idea!} (
46... f5 $2 47. Kc3 Kd6 48. e4 $11) 47. Be4 Kc7 48. Bf5 (48. a6 bxa6 49. a5 Kd6
50. Kc3 c4 51. Kd4 Ke6 52. Kc3 f5 53. Bh1 Kd6 54. e4 Nd3 $19) 48... Kb8 49. Kc3
Ka7 50. f4 gxf3 51. Bxh3 f2 52. Kd2 Nf3+ 53. Ke2 (53. Kd1 c4 54. Bg2 Nxh2 55.
Ke2 c3 $19) 53... Ng1+ 54. Kxf2 Nxh3+ 55. Kg2 c4 0-1

[Event "Donner Memorial"]
[Site "Amsterdam"]
[Date "1996.08.22"]
[Round "5"]
[White "Salov, Valery"]
[Black "Sokolov, Ivan"]
[Result "1-0"]
[WhiteElo "2675"]
[BlackElo "2670"]
[Annotator "Psakhis,L"]
[PlyCount "55"]
[EventDate "1996.08.17"]
[EventType "tourn"]
[EventRounds "11"]
[EventCountry "NED"]
[EventCategory "16"]
[SourceTitle "CBM 055"]
[Source "ChessBase"]
[SourceDate "1996.12.01"]
[SourceVersion "1"]
[SourceVersionDate "1996.12.01"]
[SourceQuality "1"]

1. Nf3 {Ftacnik} Nf6 2. c4 e6 3. g3 d5 4. d4 Bb4+ 5. Bd2 Bxd2+ 6. Nbxd2 O-O 7.
Bg2 Qe7 (7... Nbd7 $5 8. O-O c5 9. cxd5 Nxd5 10. Ne4 Qb6 11. Rc1 Qxb2 12. Rc2
Qb4 13. Nxc5 Nxc5 14. dxc5 Bd7 $10 {Nikolic,P-Yudasin,L/Tilburg/1993/0,5/25/})
(7... b6 8. O-O Bb7) (7... Nbd7) 8. O-O b6 (8... c6) 9. Rc1 Bb7 10. cxd5 $5 {N/
} (10. Qb3 Rd8 11. Rfe1 Nbd7 12. cxd5 Bxd5 13. Qc2 c5 14. e4 Bb7 15. e5 Nd5 $10
{Voiska,M-Ashlanian,L/Debrecen EU-tch/1992/0,5/40/} (15... Nd5 16. Ne4 Nb4 17.
Qb1 cxd4 18. Rc7 Bxe4 19. Rxe4 d3 {0-1 Voiska,M-Ashlanian,L/EU-chTW Debrecen 
(01)/1992/ (40)})) 10... exd5 (10... Nxd5 11. e4 Nb4 (11... Nf6 12. Re1) 12.
Qb3 $14) (10... Bxd5 11. Qc2 Rc8 (11... Na6 12. a3 $5) 12. e4 Bb7 13. e5 Nd5
14. Ne4 $36) 11. Qa4 a5 (11... c5 $5) (11... Qxe2 12. Rxc7 Qa6 13. Qxa6 Bxa6
14. Rfc1 $16) (11... c6 12. Rfe1 Nbd7) 12. Rfe1 $5 c6 (12... Na6 13. Ne5 c5 14.
Qb5 $16) 13. e4 $1 Nxe4 (13... dxe4 14. Ne5 Qb4 15. Qxb4 (15. Qc2 Qxd4) 15...
axb4 16. Ra1 (16. Nxe4 Nxe4 17. Bxe4 Rxa2 18. Nd3 (18. Ra1 b3 (18... Rxb2 19.
Ra7 Ba6 20. d5 (20. Nxc6 Nxc6 21. Bxc6 Bc4 22. d5 Rd2 $17) 20... c5 21. Nc6 $36
) 19. Rxa2 bxa2 20. Ra1 f6 21. Nd3 Rd8 22. Rxa2 Rxd4 23. f3 Ba6 $17) 18... Rd8
19. Nxb4 $10) 16... c5 (16... Rd8 17. Nxe4 Nxe4 18. Rxe4 $13) 17. dxc5 bxc5 18.
Nec4 Rd8 19. Nxe4 Nxe4 20. Bxe4 Bxe4 21. Rxe4 Nc6 $10) 14. Nxe4 dxe4 15. Ne5 f6
$2 (15... Qb4 $5 $8 16. Qc2 (16. Qd1 f5 17. Bf1 Ba6) (16. Qxb4 {Ftacnik} axb4
17. Bxe4 Rxa2 18. Nd3 Rd8 19. Nxb4 Rxb2 20. Nxc6 Bxc6 21. Bxc6 $10) 16... f5
17. a3 $140 Qxd4 (17... Qd6 18. Qb3+ Qd5 19. Qxb6) 18. Qb3+ Qd5 19. Qxb6 Nd7 $1
(19... Nd7 20. Nxd7 Qxd7 $15)) 16. Qb3+ Kh8 17. Nd3 $1 Qd8 (17... f5 18. Qxb6
Ra6 19. Qc5 Qxc5 20. Nxc5 Rb6 21. b3 $16) 18. Bxe4 $16 a4 (18... Qxd4 19. Nc5
$16 (19. Nc5 {Ftacnik} bxc5 20. Qxb7 Na6 21. Bxc6 $16)) 19. Qc2 (19. Qc3 $14 {
Ftacnik}) 19... f5 (19... Qxd4 20. Nf4 (20. Nf4 {Ftacnik} Re8 21. Bxh7 $16))
20. Bf3 Qxd4 21. Nf4 (21. Re7 Ba6 (21... Ra7 {Ftacnik} 22. Nf4 Qb4 23. Rce1 $44
) 22. Nf4 Qb4 23. Rce1 $16) 21... Qf6 (21... Qb4 22. Ne6 $18 (22. Ne6 {Ftacnik}
Rc8 (22... Rf6 23. Nc5 $18) 23. Qxf5 Qxb2 24. Qf7 Ba6 25. Nd8 $18)) 22. Re6 Qf7
(22... Qg5 23. h4 (23. Rd1 $16 {Ftacnik})) (22... Qd8 23. Rd1 Qc8 (23... Qc7
24. Qxf5) 24. Re7 $18) 23. Qe2 $1 (23. Rce1 Na6 $1 24. Re7 $140 Rae8) 23... Ba6
(23... Bc8 24. Re7 (24. Bh5 Bxe6 $1 (24... g6 25. Bxg6 hxg6 26. Rxg6 $1 $18 (
26. Nxg6+ Kg8 27. Nxf8 Kxf8 28. Rd6 Qe7 29. Qd2 $18)) 25. Bxf7 Bxf7 26. Qe7 Kg8
27. Rd1 $16) 24... Qf6 (24... Qxa2 {Ftacnik} 25. Qe5 Rg8 (25... Qg8 26. Rc4 h6
(26... Na6 27. Ng6+ hxg6 28. Rh4+ Qh7 29. Qxg7#) 27. Ng6+ Kh7 28. Bd5 cxd5 29.
Nxf8+ Qxf8 30. Rxc8 $18) 26. Bd5 cxd5 27. Rxc8 Qb1+ 28. Kg2 Qe4+ 29. Qxe4 dxe4
30. Ree8 $18) 25. Rd1) 24. Qe3 Bc8 25. Re7 Qf6 (25... Qxa2 26. Qe5 Qg8 (26...
Rg8 27. Qd4 $1 (27. Bd5 cxd5 28. Rxc8 Qb1+ 29. Kg2 Qe4+ 30. Qxe4 fxe4 31. Ree8
$18) (27. Bd5 $18) 27... h6 28. Ng6+ Kh7 29. Nf8+ Kh8 30. Qf6 $3 Qe6 31. Rxg7
$18) 27. Rc4 $3 h6 28. Ng6+ Kh7 29. Bd5 $1 Kxg6 (29... cxd5 30. Nxf8+ Qxf8 31.
Rxc8) 30. Bxg8 Rxg8 31. Qd6+ Kh7 32. Rh4 $18) 26. Rd1 $1 $18 Ra5 (26... Qxb2
27. Rd4 $1 (27. Re8 Qf6 (27... Nd7 28. Bxc6 $18) 28. Rdd8 Nd7 29. Qd4 Qxd8 (
29... Kg8 {Ftacnik} 30. Qxf6 gxf6 31. Ne6 $18) (29... Qf7 {Ftacnik} 30. Ne6 $18
) 30. Rxd8 Rxd8 31. Ng6+ hxg6 32. Qh4+ Kg8 33. Qxd8+ $18) 27... Nd7 (27... Qa1+
28. Kg2 Ba6 29. Ng6+ $1 hxg6 30. Rh4+) 28. Ng6+ $1 hxg6 29. Rh4+ $18) 27. Nh5
f4 (27... Qxb2 28. Re8 $18 (28. Re8 {Ftacnik} Qb4 29. Qc3 $18)) (27... Qg6 28.
Qxb6 Ra8 29. Rxg7 $18) 28. Nxf6 $1 (28. Nxf6 fxe3 29. Rf7 $1 exf2+ (29... Rg8 {
Ftacnik} 30. Nxg8 Kxg8 31. Rc7 $18) 30. Kxf2 Rg8 31. Nxg8 Kxg8 32. Rc7 $18) 1-0